Представление документа в формате RUSMARC

ПолеНазваниеЗначение
  Тип записи a
  Библиографический уровень m
001 Контрольный номер UONB/MAIN/900df3360a4a46dabecbdd7f64ee4890
005 Дата корректировки 20260430123833.7
010 Индекс ISBN __
a ISBN 978-5-392-42284-5
9 Тираж 5000 экз.
100 Данные общей обработки __
a Данные общей обработки 20260402d2025 u y0rusy0189 ca
101 Язык документа 0_
a Язык текста rus
102 Страна публикации __
a Страна публикации RU
105 Кодированные данные (монография) __
a Кодированные данные (монография) a z 000yy
200 Заглавие и сведения об ответственности 1_
a Заглавие История СВО в шевронах
f Первые сведения об ответственности И. А. Вольвич, А. А. Малькевич
203 Вид содержания и тип средства __
a Вид содержания Текст
b Характеристика содержания визуальный
c Тип средства непосредственный
210 Выходные данные 1_
a Место издания Москва
c Издательство Проспект
d Дата издания 2025
215 Физическое описание __
a Объем 142, [2] с.
c Иллюстрации/тип воспроизводства ил.
d Формат 26 см
333 Примечание о целевом назначении __
a Примечание о целевом назначении 18+
606 Тематические рубрики 0_
a Основная рубрика Специальная военная операция Российской Федерации
606 Тематические рубрики 0_
a Основная рубрика Знаки отличия воинские
610 Ключевые слова 0_
a Ключевые слова знаки отличия воинские; воинские знаки отличия; шевроны СВО; специальная военная операция
686 Индексы других классификаций __
2 Код системы rubbk
a Классификационный индекс 68.4(2)243.6
686 Индексы других классификаций __
a Классификационный индекс 66.2(Рос)
2 Код системы rubbk
700 Автор _1
a Фамилия Вольвич
b Имя (инициалы) И. А.
g Полное личное имя Илья Александрович
701 Альтернативная интеллектуальная ответственность _1
a Фамилия Малькевич
b Имя (инициалы) А. А.
g Полное личное имя Александр Александрович
801 Источник записи _0
a Страна RU
b Организация Ульяновская ОНБ
c Дата составления 20260402
g Правила каталогизации RCR
801 Источник записи _1
a Страна RU
b Организация Ульяновская ОНБ
c Дата составления 20260402
g Правила каталогизации RCR
900 Электронные ресурсы __
a Имя электронного ресурса проспект20260091
900 Электронные ресурсы __
a Имя электронного ресурса проспект20260092
901 Тип документа __
t Тип документа m
909 Создатель записи __
a Создатель записи Егорова Э. А.
b Дата создания записи 20260402
910 Корректоры записи __
a Корректор записи Пряхина
b Дата внесения изменения в запись 20260430